|
|
|
|
| LEADER |
01005nam a2200265 a 4500 |
| 001 |
14378355 |
| 008 |
120305s2005 caua b 001 0 eng d |
| 010 |
|
|
|a 2006296443
|
| 040 |
|
|
|a JAG
|c JAG
|d BAKER
|d HDC
|d IXA
|d DLC
|c BD-DhAAL
|
| 020 |
|
|
|a 1590595009 (pbk.)
|
| 082 |
0 |
4 |
|a 005.1
|2 22
|
| 245 |
0 |
4 |
|a The best software writing I /
|c selected and introduced by Joel Spolsky.
|
| 246 |
3 |
|
|a Best software writing 1
|
| 246 |
3 |
|
|a Best software writing one
|
| 260 |
|
|
|a Berkeley, CA :
|b Apress,
|c c2005.
|
| 300 |
|
|
|a xviii, 305 p. :
|b ill. ;
|c 23 cm.
|
| 504 |
|
|
|a Includes bibliographical references and index.
|
| 541 |
1 |
|
|e 00024517
|
| 650 |
|
0 |
|a Computer software
|x Development.
|
| 650 |
|
0 |
|a Computer programming.
|
| 700 |
1 |
|
|a Spolsky, Joel.
|
| 852 |
1 |
|
|a Ayesha Abed Library
|j General shelf
|
| 942 |
0 |
0 |
|0 1
|
| 999 |
|
|
|c 11938
|d 11938
|
| 952 |
|
|
|0 0
|1 0
|4 0
|6 005_100000000000000_BES
|7 0
|9 19594
|a BRACUL
|b BRACUL
|c GEN
|d 2012-03-05
|e Trim Education
|g 1875.00
|l 4
|m 58
|o 005.1 BES
|p 3010024517
|r 2025-02-11
|s 2024-09-08
|t 1
|w 2012-03-05
|y BK
|